00383pab a2200145 454500008004000000100001600040245006100056260000900117300001300126362001100139650002100150650001000171650002200181773003400203180718b2014 xxu||||| |||| 00| 0 eng d aSujatha, D. aRedefining domestic violence: Experiences of Dalit women c2014 ap.19-22. a22 Nov aBackward classes aWomen aDomestic violence aEconomic and Political Weekly